|
|
|
|
| LEADER |
01123nam a2200325 a 4500 |
| 001 |
nkc20142586031 |
| 003 |
CZ PrNK |
| 005 |
20140804142546.0 |
| 007 |
ta |
| 008 |
140422s2014 xr a g 000 j cze |
| 015 |
|
|
|a cnb002586031
|
| 020 |
|
|
|a 978-80-87312-08-7
|q (brož.)
|
| 035 |
|
|
|a (OCoLC)883372156
|
| 040 |
|
|
|a OLA001
|b cze
|d ABA001
|
| 072 |
|
7 |
|a 821.162.3-3
|x Česká próza
|2 Konspekt
|9 25
|
| 080 |
|
|
|a 821.162.3-32
|2 MRF
|
| 080 |
|
|
|a (0:82-32)
|2 MRF
|
| 100 |
1 |
|
|a Krautschneider, Rudolf,
|d 1943-
|7 jn20000728331
|4 aut
|
| 245 |
1 |
0 |
|a Vnučka Oceánu /
|c Rudolf Krautschneider
|
| 250 |
|
|
|a Vyd. 2.
|
| 260 |
|
|
|a [Lupenice] :
|b Magalhaes-Cano,
|c 2014
|
| 300 |
|
|
|a 38 s. :
|b il. ;
|c 15 cm +
|e 1 CD
|
| 500 |
|
|
|a "Součástí je i zvuková nahrávka knihy na CD (40 min) - načetl Alfred Strejček, hudba Štěpán Rak"--Tiráž
|
| 655 |
|
7 |
|a české příběhy
|7 fd133973
|2 czenas
|
| 655 |
|
9 |
|a Czech stories
|2 eczenas
|
| 910 |
2 |
|
|a BOA001
|b S-1257.778
|
| 990 |
|
|
|a BK
|
| 995 |
|
|
|a 01
|
| 991 |
|
|
|b 201408
|c NOV
|e b
|
| 996 |
6 |
|
|b 2610599131
|c S-1257.778
|l MZK
|r Sklad / do 24 hodin
|n 0
|p p.v.
|w 001441160
|u 000010
|a 1
|e BOA001
|j MZK50
|s P
|